Netradičné formy motivácie zamestnancov a ich využitie v podniku bakalárska práca

Uložené v:
Podrobná bibliografia
Hlavný autor: Horčičáková, Lucia
Korporativný autor: Fakulta podnikového manažmentu EU. Katedra manažmentu
Ďalší autori: Gažová Adamková, Hana, 1969-
Médium: Kniha
Jazyk:Slovak
Vydavateľské údaje: Bratislava 2023
Tagy: Pridať tag
Žiadne tagy, Buďte prvý, kto otaguje tento záznam!

MARC

LEADER 00000nbm a2200000 4500
001 0293659
005 20240424202634.0
041 0 |a slo 
044 |a SK 
245 1 0 |a Netradičné formy motivácie zamestnancov a ich využitie v podniku  |b bakalárska práca  |c Lucia Horčičáková ; školiteľ: Hana Gažová Adamková 
264 1 |a Bratislava  |c 2023 
300 |a 59 s. 
100 1 |a Horčičáková, Lucia 
700 1 |a Gažová Adamková, Hana, 1969- 
710 2 |a Fakulta podnikového manažmentu EU. Katedra manažmentu